Elements of modern mathematics

Saved in:
Bibliographic Details
Main Author: May, Kenneth O. (Kenneth Ownsworth), 1915-1977
Format: Book
Language:English
Published: Reading, Mass. : Addison-Wesley Pub. Co., 1959
Subjects:
Tags: Add Tag
No Tags, Be the first to tag this record!

MARC

LEADER 00000cam a2200000 i 4500
001 1/96482
008 081104s1959 eng d
035 |l 10101356 
040 |a GR-MY-UA  |b gre  |e aacr 
041 0 |a eng 
082 0 |a 510  |2 (22) 
100 1 |a May, Kenneth O.   |q (Kenneth Ownsworth),   |d 1915-1977. 
245 1 0 |a Elements of modern mathematics /  |c by Kenneth O. May 
246 3 3 |a Modern Mathematics 
260 |a Reading, Mass. :   |b Addison-Wesley Pub. Co.,   |c 1959 
300 |a xvi, 607 σ.;  |b εικ.;  |c 24 εκ. 
504 |a Περιέχει ευρετήριο 
650 0 0 |a Mathematics. 
852 |a INST  |b SAMOS  |c MAG  |e 20081104  |h 510 MAY  |p 005300029711  |q 005300029711  |t BK  |y 0 
901 |a BIBL3-2008-3 
909 |a Σ  |b 155269 
970 |a ΣΙΤΖΙΜΗ  |b ΓΙΑΣΕΜΗ  |z 2008/11/04